[Event "4NCL Division 2b"]
[Site "Birmingham, ENG ENG"]
[Date "2016.02.13"]
[Round "5.28"]
[White "Fegan, Chris"]
[Black "Hosken, Nigel K"]
[Result "1/2-1/2"]
[WhiteElo "2077"]
[BlackElo "2102"]
[PlyCount "46"]
[EventDate "2016.02.13"]
[WhiteTeam "CSC Dragons [1]"]
[BlackTeam "Downend & Fishponds"]

1. Nf3 Nf6 2. d4 e6 3. e3 b6 4. Bd3 Bb7 5. O-O c5 6. c3 Be7 7. Nbd2 O-O 8. e4
cxd4 9. cxd4 d6 10. a3 Ba6 11. Qe2 Bxd3 12. Qxd3 Nc6 13. b4 Rc8 14. h3 Qc7 15.
Bb2 d5 16. e5 Nd7 17. Nh2 Ncb8 18. Rac1 Qb7 19. f4 Rxc1 20. Bxc1 Qc6 21. f5
exf5 22. Qxf5 Qe6 23. Ng4 Qxf5 1/2-1/2

[Event "4NCL Division 2b"]
[Site "Birmingham, ENG ENG"]
[Date "2016.02.13"]
[Round "5.29"]
[White "Garcia-Ruiz Fuentes, Aitor"]
[Black "Richardson, Keith B"]
[Result "1/2-1/2"]
[WhiteElo "2027"]
[BlackElo "2051"]
[PlyCount "83"]
[EventDate "2016.02.13"]
[WhiteTeam "Downend & Fishponds"]
[BlackTeam "CSC Dragons [1]"]

1. d4 g6 2. c4 Bg7 3. Nc3 d6 4. e4 c6 5. f4 a6 6. Nf3 b5 7. Be3 Nf6 8. a3 O-O
9. Be2 bxc4 10. Bxc4 d5 11. exd5 cxd5 12. Bd3 Nc6 13. h3 Nh5 14. g4 Ng3 15. Rg1
Ne4 16. Nxe4 dxe4 17. Bxe4 Bb7 18. Rc1 Qb6 19. Rg2 Rfd8 20. Rd2 Na5 21. Bxb7
Qxb7 22. Rc3 Qe4 23. Kf2 Rac8 24. Qa4 Nb7 25. Rdc2 Rxc3 26. Rxc3 Nd6 27. Qc2
Rb8 28. b4 Qd5 29. Rc7 a5 30. bxa5 Qxa5 31. a4 Ra8 32. Rxe7 Qxa4 33. Qxa4 Rxa4
34. Ne5 Bf8 35. Rd7 f6 36. Nc6 Nc4 37. Ne7+ Kf7 38. Nc6+ Ke6 39. Rd8 Ra2+ 40.
Kf3 Ra3 41. Rxf8 Rxe3+ 42. Kg2 1/2-1/2

[Event "4NCL Division 2b"]
[Site "Birmingham, ENG ENG"]
[Date "2016.02.13"]
[Round "5.30"]
[White "Vlcek, Marek"]
[Black "Humphreys, Jerry G"]
[Result "0-1"]
[WhiteElo "1982"]
[BlackElo "1997"]
[PlyCount "123"]
[EventDate "2016.02.13"]
[WhiteTeam "CSC Dragons [1]"]
[BlackTeam "Downend & Fishponds"]

1. Nf3 c5 2. c4 Nf6 3. g3 Nc6 4. Bg2 e6 5. O-O d5 6. cxd5 Nxd5 7. d4 cxd4 8.
Nxd4 Bd7 9. b3 Nxd4 10. Qxd4 Be7 11. e4 Nb4 12. Bb2 Nc2 13. Qxg7 Rf8 14. Rc1
Nxa1 15. Bxa1 Rc8 16. Rd1 Qa5 17. Nc3 Bc6 18. h4 Rd8 19. Rc1 Qh5 20. Bh3 Rd2
21. Bg4 Qg6 22. Qxg6 hxg6 23. a4 f5 24. exf5 exf5 25. Be2 f4 26. g4 Bxh4 27.
Re1 Kd8 28. Nb1 Rd7 29. Be5 Bg5 30. Na3 Re8 31. Nc4 Be7 32. Bc3 Bc5 33. Ne5 Rh7
34. Nxc6+ bxc6 35. Rd1+ Rd7 36. Bf6+ Be7 37. Bxe7+ Rexe7 38. Rxd7+ Kxd7 39. Bc4
Kd6 40. Kg2 Ke5 41. Kf3 Rd7 42. Ke2 g5 43. f3 Kd4 44. Ba6 Rh7 45. Kf2 Rh2+ 46.
Kg1 Rb2 47. Bb7 c5 48. Kf1 Rxb3 49. Bc6 c4 50. Ke1 Kc3 51. Kd1 Ra3 52. Ke2 Kb2
53. Bb5 c3 54. Bd3 c2 55. Bxc2 Kxc2 56. Kf2 Kd2 57. Kg2 Ke3 58. Kf1 Rxa4 59.
Kg2 Ra6 60. Kg1 Rh6 61. Kf1 Rh2 62. Kg1 0-1

[Event "4NCL Division 2b"]
[Site "Birmingham, ENG ENG"]
[Date "2016.02.13"]
[Round "5.31"]
[White "French, Max"]
[Black "Vachtfeidl, Petr"]
[Result "1-0"]
[WhiteElo "1930"]
[BlackElo "1964"]
[PlyCount "77"]
[EventDate "2016.02.13"]
[WhiteTeam "Downend & Fishponds"]
[BlackTeam "CSC Dragons [1]"]

1. d4 Nf6 2. c4 g6 3. Nc3 d5 4. cxd5 Nxd5 5. e4 Nxc3 6. bxc3 Bg7 7. Bc4 c5 8.
Ne2 O-O 9. O-O Nc6 10. Be3 Qc7 11. Bf4 e5 12. dxe5 Bxe5 13. Bxe5 Nxe5 14. Bd5
Ng4 15. Ng3 h5 16. h3 h4 17. hxg4 hxg3 18. f4 Qe7 19. g5 c4 20. Qd4 Be6 21. Rf3
f6 22. Qxc4 Bxd5 23. Qxd5+ Kg7 24. gxf6+ Rxf6 25. Rb1 Rf7 26. Rxg3 Rd8 27. Qe5+
Qxe5 28. fxe5 Rd2 29. a4 Ra2 30. Rb4 b6 31. Rd4 Re7 32. Rd6 Rxe5 33. Rdxg6+ Kf7
34. Rg7+ Kf8 35. Rxa7 Rxe4 36. Rf3+ Ke8 37. Rh3 Kd8 38. Rh8+ Re8 39. Ra8+ 1-0

[Event "4NCL Division 2b"]
[Site "Birmingham, ENG ENG"]
[Date "2016.02.13"]
[Round "5.32"]
[White "Head, Louise"]
[Black "Young, Daniel J"]
[Result "1-0"]
[WhiteElo "1937"]
[BlackElo "1952"]
[PlyCount "67"]
[EventDate "2016.02.13"]
[WhiteTeam "CSC Dragons [1]"]
[BlackTeam "Downend & Fishponds"]

1. d4 d5 2. c4 c6 3. e3 Nf6 4. Nf3 e6 5. b3 Bb4+ 6. Nbd2 O-O 7. Bd3 Nbd7 8. O-O
c5 9. Bb2 cxd4 10. exd4 b6 11. Rc1 Bb7 12. Qc2 Rc8 13. Rfd1 h6 14. Nf1 Qe7 15.
Qe2 Rfd8 16. Ne3 Nh5 17. g3 dxc4 18. Bxc4 Nhf6 19. Ba6 Nf8 20. Ne5 Rxc1 21.
Rxc1 Ba8 22. Nc6 Bxc6 23. Rxc6 Nd5 24. Qc4 Ba3 25. Nxd5 Rxd5 26. Bc3 Bd6 27.
Rc8 Kh7 28. Qd3+ Kg8 29. Qe4 Bb4 30. Bxb4 Qxb4 31. Bd3 g6 32. Bc4 Rd6 33. d5
exd5 34. Qe7 1-0